Pharmaceutical Biotechnology (Record no. 480105)
[ view plain ]
| 000 -LEADER | |
|---|---|
| fixed length control field | 00360nam a22001457a 4500 |
| 003 - CONTROL NUMBER IDENTIFIER | |
| control field | ASAB |
| 005 - DATE AND TIME OF LATEST TRANSACTION | |
| control field | 20180827062635.0 |
| 008 - FIXED-LENGTH DATA ELEMENTS--GENERAL INFORMATION | |
| fixed length control field | 131129t xxu||||| |||| 00| 0 eng d |
| 020 ## - INTERNATIONAL STANDARD BOOK NUMBER | |
| International Standard Book Number | 978-93-83101-67-2 |
| 040 ## - CATALOGING SOURCE | |
| Original cataloging agency | Asab |
| Transcribing agency | Asab |
| 100 ## - MAIN ENTRY--PERSONAL NAME | |
| Personal name | Richa Manpal |
| 9 (RLIN) | 341 |
| 245 ## - TITLE STATEMENT | |
| Title | Pharmaceutical Biotechnology |
| Statement of responsibility, etc. | by Richa Manpal |
| 300 ## - PHYSICAL DESCRIPTION | |
| Extent | 280 P. |
| 942 ## - ADDED ENTRY ELEMENTS (KOHA) | |
| Source of classification or shelving scheme | |
| Koha item type | Book |
| Withdrawn status | Lost status | Source of classification or shelving scheme | Damaged status | Not for loan | Collection code | Permanent Location | Current Location | Date acquired | Total Checkouts | Full call number | Barcode | Date last seen | Price effective from | Koha item type |
|---|---|---|---|---|---|---|---|---|---|---|---|---|---|---|
| Atta-ur-Rahman School of Applied Biosciences (ASAB) | Atta-ur-Rahman School of Applied Biosciences (ASAB) | 06/09/2016 | 615.19 MAN | ASAB3352 | 06/09/2016 | 06/09/2016 | Book |
